Invincible Character Quiz - Statistics

General Stats
  • This quiz has been taken 280 times
  • The average score is 12 of 24
Answer Stats
Hint Answer % Correct
Where is he? Omni man
93%
Pet Debbie
91%
He told me the ‘O’ stands for…. Oliver
79%
Lonely Conquest
75%
30 year-old in a team of Teens Robot/Rudy
70%
De-age Monster girl
69%
Makes the suits Art
68%
Worthy opponents only Battle Beast
65%
He shouted 3 days later Immortal
64%
HE CAN’T KEEP GETTING AWAY WITH THIS! Powerplex
61%
You need him Cecil
57%
“MAKE THEM HATE-“ Angstrom Levy
50%
Auto tune Machinehead
50%
Rock Hard Titan
47%
GOAT Rex Splode
46%
Steve Harvey Lucan
45%
King of Space Allen the Alien
39%
Family Recipe Paul
35%
Ben Schwartz Shapesmith
32%
“Where have you been?” Anissa
30%
Only the original would know this one Mauler Twins
29%
Optimus Prime Thaedus
24%
Eric Bauza D.A. Sinclair
9%
The Strongest Hero in the series Business Baby
6%
No matching quizzes found
Score Distribution
Percent of People with Each Score
Percentile by Number Answered
Your Score History
You have not taken this quiz